| 000 | 00561nam a22001577a 4500 | ||
|---|---|---|---|
| 003 | OSt | ||
| 005 | 20120302150035.0 | ||
| 008 | 090610t xxu||||| |||| 00| 0 eng d | ||
| 035 | _a५०४६ | ||
| 040 | _cमराठी | ||
| 100 |
_aजोशी, वा. भा. _96157 |
||
| 245 | _a सहशालेय उपक्रम संच दुसरा - ताटी उघडा ज्ञानेश्वरा (भाग ७ वा) | ||
| 260 |
_aपुणे _bअतुल _c१९९० |
||
| 300 | _b४६ पाने | ||
| 942 |
_2ddc _cBOOK |
||
| 999 |
_c491203 _d491200 |
||